La hacienda colonial
Guardado en:
| Autor principal: | |
|---|---|
| Formato: | Texto |
| Publicado: |
San Salvador:
Editorial Lea
|
| Etiquetas: |
Agregar Etiqueta
Sin Etiquetas, Sea el primero en etiquetar este registro!
|
MARC
| LEADER | 00000 a a2200000 04500 | ||
|---|---|---|---|
| 001 | 20795 | ||
| 003 | |||
| 040 | |||
| 090 | |a 088700 | ||
| 100 | |a Casín, Isabel | ||
| 245 | |a La hacienda colonial | ||
| 260 | |a San Salvador: |b Editorial Lea | ||
| 300 | |a 80 p. | ||
| 999 | |c 12477 |d 12477 | ||
